| 000 | 01377nam a22002057a 4500 | ||
|---|---|---|---|
| 999 |
_c63674 _d63674 |
||
| 003 | Ge_BSU | ||
| 005 | 20251205151133.0 | ||
| 008 | 251205s2008 ge ||||| |||| 00| 0 geo d | ||
| 041 | _ageo | ||
| 080 | _a34(038) ბ-50 | ||
| 100 |
_aბეჟაშვილი, ლევან _99309 |
||
| 245 |
_aსაქართველოს საკანონმდებლო ტერმინთა ლექსიკონი : _b (2007 წლის 1 სექტემბრის მდგომარეობით) / _cლევან ბეჟაშვილი, თამარ ჩხაიძე, შოთა თარხნიშვილი; საქ. პარლამენტის იურიდ. საკითხთა კომ-ტი. |
||
| 264 |
_aთბილისი : _b[სიესტა], _c2008. |
||
| 300 |
_a365 გვ. ; _b20 სმ. |
||
| 700 |
_aჩხაიძე, თამარ _eავტორი _977 |
||
| 700 |
_aთარხნიშვილი, შოთა _eავტორი _910125 |
||
| 710 |
_aსაქართველოს პარლამენტის იურიდიულ საკითხთა კომიტეტი _926369 |
||
| 856 |
_uhttps://dspace.nplg.gov.ge/bitstream/1234/4714/1/Saqartvelos_Sakanonmdeblo_Terminta_Leqsikoni.pdf _yელ. ვერსია |
||
| 942 |
_2udc _cᲬᲘᲒᲜᲘ |
||